书目信息 |
| 题名: |
传感器原理及应用
|
|
| 作者: | 杨少春 主编 | |
| 分册: | ||
| 出版信息: | 北京 电子工业出版社 2015 |
|
| 页数: | 215页 | |
| 开本: | 26cm | |
| 丛书名: | 高等职业教育教学改革系列规划教材 | |
| 单 册: | ||
| 中图分类: | TP212 | |
| 科图分类: | ||
| 主题词: | 传感器--chuan gan qi--高等教育--教材 | |
| 电子资源: | ||
| ISBN: | 978-7-121-26590-7 | |
| 000 | 01227nam 2200289 450 | |
| 001 | 1650580938 | |
| 005 | 20150917133544.5 | |
| 010 | @a978-7-121-26590-7@dCNY35.00 | |
| 100 | @a20150917d2015 em y0chiy50 ea | |
| 101 | 0 | @achi |
| 102 | @aCN@b110000 | |
| 105 | @aa a 000yy | |
| 106 | @ar | |
| 200 | 1 | @a传感器原理及应用@Achuan gan qi yuan li ji ying yong@f杨少春主编 |
| 205 | @a第2版 | |
| 210 | @a北京@c电子工业出版社@d2015 | |
| 215 | @a215页@c图@d26cm | |
| 225 | 2 | @a高等职业教育教学改革系列规划教材@Agao deng zhi ye jiao yu jiao xue gai ge xi lie gui hua jiao cai |
| 320 | @a有书目 (第215页) | |
| 330 | @a本书主要介绍了常用传感器的工作原理、特性及在实践中的应用。主要介绍了力敏传感器、湿度传感器、温度传感器、气体传感器、光电传感器、磁敏传感器、微波和超声波传感器, 以及传感器与微处理器接口电路。本书共10个模块, 除模块一介绍传感器的基本知识外, 各模块均具有相对独立性, 以便于不同专业、不同学时的教学选用, 参考学时为52-60学时。 | |
| 333 | @a“十二五”职业教育国家规划教材 | |
| 410 | 0 | @12001 @a高等职业教育教学改革系列规划教材 |
| 606 | 0 | @a传感器@Achuan gan qi@x高等教育@j教材 |
| 690 | @aTP212@v5 | |
| 701 | 0 | @a杨少春@Ayang shao chun@4主编 |
| 801 | 0 | @aCN@b人天书店@c20150917 |
| 905 | @aMUSE@dTP212@e11 | |
| 传感器原理及应用/杨少春主编.-第2版.-北京:电子工业出版社,2015 |
| 215页:图;26cm.-(高等职业教育教学改革系列规划教材) |
| 使用对象:“十二五”职业教育国家规划教材 |
| ISBN 978-7-121-26590-7:CNY35.00 |
| 本书主要介绍了常用传感器的工作原理、特性及在实践中的应用。主要介绍了力敏传感器、湿度传感器、温度传感器、气体传感器、光电传感器、磁敏传感器、微波和超声波传感器, 以及传感器与微处理器接口电路。本书共10个模块, 除模块一介绍传感器的基本知识外, 各模块均具有相对独立性, 以便于不同专业、不同学时的教学选用, 参考学时为52-60学时。 |
| ● |
| 相关链接 |
|
|
|
正题名:传感器原理及应用
索取号:TP212/11
 
预约/预借
| 序号 | 登录号 | 条形码 | 馆藏地/架位号 | 状态 | 备注 |
| 1 | 817575 | 2000817575 | 第二书库/ [索取号:TP212/11] | 在馆 | |
| 2 | 817576 | 2000817576 | 第二书库/ [索取号:TP212/11] | 在馆 | |
| 3 | 817577 | 2000817577 | 第二书库/ [索取号:TP212/11] | 在馆 |